000
00222 a2200097 4500
001
47925
100
_a
Barker D
245
_a
The Common Wealth Welive In
260
_a
London
_b
Her Majesty's Ltd
_c
090
_c
30920
_d
30920
942
_a
NUST-CAE
_c
M
_c
23248
999
_c
282998
_d
282998